Engineering Optimization : (Record no. 874)

000 -LEADER
fixed length control field 00866nam a2200265 a 4500
008 - FIXED-LENGTH DATA ELEMENTS--GENERAL INFORMATION
fixed length control field 191106r20062012ii ad||g |||| 00| 0 eng d
020 ## - INTERNATIONAL STANDARD BOOK NUMBER
International Standard Book Number 9788126509331
Terms of availability Rs. 419.00
040 ## - CATALOGING SOURCE
Original cataloging agency IMU Kochi Library
Language of cataloging eng
041 0# - LANGUAGE CODE
Language code of text/sound track or separate title eng
044 ## - COUNTRY OF PUBLISHING/PRODUCING ENTITY CODE
MARC country code India
082 04 - DEWEY DECIMAL CLASSIFICATION NUMBER
Edition number 23
Classification number 620.0042
Item number R197
100 1# - MAIN ENTRY--PERSONAL NAME
Personal name Ravindran, A.
245 10 - TITLE STATEMENT
Title Engineering Optimization :
Sub Title Methods and Applications /
250 ## - EDITION STATEMENT
Edition statement 2nd ed.
260 ## - PUBLICATION, DISTRIBUTION, ETC. (IMPRINT)
Place of publication, distribution, etc New Delhi :
Name of publisher, distributor, etc Wiley India (P.) Ltd. ,
Date of publication, distribution, etc 2006, reprinted 2012
300 ## - PHYSICAL DESCRIPTION
Extent xv, 667 p. :
Other physical details ill. ;
Dimensions 23 cm.Includes
504 ## - BIBLIOGRAPHY, ETC. NOTE
Bibliography, etc Includes Index.
650 #0 - SUBJECT ADDED ENTRY--TOPICAL TERM
Topical term or geographic name as entry element Mathematical models; Mathematical optimization;
General subdivision Engineering
650 #0 - SUBJECT ADDED ENTRY--TOPICAL TERM
Topical term or geographic name as entry element Mathematics Optimisation For engineering
General subdivision Engineering
700 ## - ADDED ENTRY--PERSONAL NAME
Personal name Ragsdell, K. M.
Relator term Joint Author
700 ## - ADDED ENTRY--PERSONAL NAME
Personal name Reklaitis, G. V.
Relator term Joint Author
852 ## - LOCATION/CALL NUMBER
Location IMU Kochi Library
904 ## - LOCAL DATA ELEMENT D, LDD (RLIN)
CATALOGER Akhil Bose
942 ## - ADDED ENTRY ELEMENTS (KOHA)
Item type Books
Holdings
Withdrawn status Lost status Source of classification or shelving scheme Damaged status Not for loan Collection code Permanent location Current location Shelving location Date acquired Source of acquisition Cost, normal purchase price Total Checkouts Total Renewals Full call number Barcode Date last seen Date last borrowed Koha item type Public note
          Engineering IMU Kochi Library IMU Kochi Library General Stacks 2013-03-15 M/s Ajith Book Stall (Inv. No.9229 dt. 2013-03-14) 419.00 2 1 620.0042 R197 BK000763 2025-03-22 2025-03-22 Books Gen. Shelf-11, Row-1


Copyright © All Rights Reserved by Indian Maritime University, Kochi Campus.
For any Suggestions/Query Contact to library or Email: library.kochi@imu.ac.in Ph:(0484)-2989402
(Web OPAC Designed by Rudra Ranjan. Maintained by IMU Kochi Library)

Powered by Koha